Procreación médicamente asistida
Guardat en:
| Autor principal: | |
|---|---|
| Format: | Llibre |
| Idioma: | espanyol |
| Publicat: |
Santiago
Pontificia Universidad Católica
1996
|
| Matèries: | |
| Etiquetes: |
Afegir etiqueta
Sense etiquetes, Sigues el primer a etiquetar aquest registre!
|
MARC
| LEADER | 00000nam a2200000 a 4500 | ||
|---|---|---|---|
| 001 | UCL2138 | ||
| 003 | CL-VaPUC | ||
| 005 | 20211217074455.0 | ||
| 008 | 031010e19960000cl 1 spa d | ||
| 020 | |a 9561404249 | ||
| 082 | 0 | 4 | |a 344.83041 |b COR |2 21 |
| 100 | 1 | |a Corral Talciani, Hernán Felipe |e author |9 620366 | |
| 245 | 1 | 0 | |a Procreación médicamente asistida |
| 260 | |a Santiago |b Pontificia Universidad Católica |c 1996 | ||
| 300 | |a 53 p | ||
| 583 | |a last modification |c 20031010 00:00:00 |k Rodrigo Vera | ||
| 650 | 0 | 0 | |a Derechos humanos |9 223025 |
| 650 | 0 | 0 | |a Etica y derecho |9 341370 |
| 650 | 0 | 7 | |a REPRODUCCION ARTIFICIAL |2 CL-VaPUC |9 374023 |
| 651 | 7 | |a CHILE |2 CL-VaPUC |9 620367 | |
| 942 | |c BK | ||
| 945 | |a vberengu |d 20031010 00:00:00 | ||
| 546 | |a En Español | ||
| 536 | |a Pontificia Universidad Católica | ||
| 518 | |p Seminario sobre Matrimonio y Familia, Santiago, 26 de octubre de 1994 | ||
| 999 | |c 383908 |d 383906 | ||
| 952 | |0 0 |1 0 |4 0 |6 344_830410000000000_COR_1996 |7 0 |8 A |9 506228 |a BIBTEO |b BIBTEO |d 2020-01-23 |i 2080419 |o 344.83041 COR 1996 |p 2080419 |r 2025-01-17 |w 2020-01-23 |y BK |k ICR | ||